Zastupovanie hlavného kontrolóra obce
V príspevku sa autor venuje otázke zastupovania hlavného kontrolóra obce, poukazuje na problém, ktorý je dlhodobo v legislatívne neriešený, ako aj na možnosť, ako túto situáciu legislatívne riešiť.
Enregistré dans:
| Auteur principal: | |
|---|---|
| Format: | Chapitre de livre |
| Langue: | slovaque |
| Sujets: | |
| Tags: |
Pas de tags, Soyez le premier à ajouter un tag!
|
MARC
| LEADER | 00000naa a2200000 4500 | ||
|---|---|---|---|
| 001 | 0311791 | ||
| 005 | 20250805100942.0 | ||
| 041 | 0 | |a slo | |
| 044 | |a SK | ||
| 245 | 1 | 0 | |a Zastupovanie hlavného kontrolóra obce |c Peter Konečný |
| 520 | |a V príspevku sa autor venuje otázke zastupovania hlavného kontrolóra obce, poukazuje na problém, ktorý je dlhodobo v legislatívne neriešený, ako aj na možnosť, ako túto situáciu legislatívne riešiť. | ||
| 610 | 2 | 0 | |a kontrolóri |
| 610 | 2 | 0 | |a obce |
| 610 | 2 | 0 | |a legislatíva |
| 610 | 2 | 0 | |a zastupovanie |
| 100 | 1 | |a Konečný, Peter | |